"Cohomology of Arithmatic Groups, L-Functions and Automorphic Forms" (Record no. 5104)

MARC details
000 -LEADER
fixed length control field 00450nam a2200169Ia 4500
008 - FIXED-LENGTH DATA ELEMENTS--GENERAL INFORMATION
fixed length control field 230524s9999 xx 000 0 und d
020 ## - INTERNATIONAL STANDARD BOOK NUMBER
ISBN 8137194211
082 ## - DEWEY DECIMAL CLASSIFICATION NUMBER
Classification number 510.5
Item number VEN
100 ## - MAIN ENTRY--AUTHOR NAME
Personal name T.N.Venkataramana
245 #0 - TITLE STATEMENT
Title "Cohomology of Arithmatic Groups, L-Functions and Automorphic Forms"
260 ## - PUBLICATION, DISTRIBUTION, ETC. (IMPRINT)
Place of publication NEW DELHI
Name of publisher Narosa
Year of publication 2001
300 ## - PHYSICAL DESCRIPTION
Number of Pages VI;251
500 ## - GENERAL NOTE
General note Quantity Number: 2
650 ## - SUBJECT ADDED ENTRY--TOPICAL TERM
Topical Term Mathematics
700 ## - ADDED ENTRY--PERSONAL NAME
Personal name ",,,0/,"
942 ## - ADDED ENTRY ELEMENTS (KOHA)
Koha item type Books
Holdings
Lost status Damaged status Permanent Location Current Location Shelving location Date acquired Full call number Accession Number Koha item type
    Central Library, Trident Academy of Technology Central Library, Trident Academy of Technology General Stacks 05/24/2023 510.5 VEN 6614 Books
    Central Library, Trident Academy of Technology Central Library, Trident Academy of Technology General Stacks 05/24/2023 510.5 VEN 6615 Books
Trident Academy of Technology © 2023.
All rights reserved.                                                                                                                                                                                                        Designed by Team of Central Library .

Powered by Koha